[Event "Baden-Hessen 1"]
[Site "?"]
[Date "2015.09.09"]
[Round "4.1"]
[White "Clara, Hans-Joachim"]
[Black "Nekrasov, Mihail"]
[Result "1/2-1/2"]
[WhiteElo "2327"]
[BlackElo "2394"]
[PlyCount "21"]
[EventDate "2015.??.??"]

1. b3 e5 2. Bb2 Nc6 3. c4 Nf6 4. e3 Bc5 5. a3 Be7 6. Qc2 O-O 7. Nc3 d5 8. cxd5
Nxd5 9. Nf3 Nxc3 10. Bxc3 Bd6 11. Bc4 1/2-1/2

[Event "Baden-Hessen 1"]
[Site "?"]
[Date "2015.09.09"]
[Round "4.2"]
[White "Werner, Clemens"]
[Black "Nehmert, Ulrich"]
[Result "1/2-1/2"]
[WhiteElo "2330"]
[BlackElo "2360"]
[PlyCount "30"]
[EventDate "2015.??.??"]

1. e4 c5 2. c3 d5 3. exd5 Qxd5 4. Nf3 Nf6 5. d4 e6 6. Be2 Nc6 7. O-O cxd4 8.
Nxd4 Nxd4 9. cxd4 Be7 10. Nc3 Qd8 11. Bf3 O-O 12. Be3 Bd7 13. d5 exd5 14. Nxd5
Nxd5 15. Qxd5 Bc6 1/2-1/2

[Event "Baden-Hessen 1"]
[Site "?"]
[Date "2015.09.09"]
[Round "4.3"]
[White "Bosbach, Gerhard"]
[Black "Herbrechtsmeier, Christof"]
[Result "1/2-1/2"]
[WhiteElo "2204"]
[BlackElo "2275"]
[PlyCount "29"]
[EventDate "2015.??.??"]

1. c4 Nf6 2. g3 g6 3. Bg2 d5 4. cxd5 Nxd5 5. Nc3 Nxc3 6. bxc3 Bg7 7. Rb1 Nd7 8.
Qc2 Nb6 9. c4 O-O 10. Bb2 e5 11. d3 Rb8 12. Nf3 Re8 13. O-O Bd7 14. Nd2 Bg4 15.
Ne4 1/2-1/2

[Event "Baden-Hessen 1"]
[Site "?"]
[Date "2015.09.09"]
[Round "4.4"]
[White "Kiefer, Gerhard"]
[Black "Kargoll, Herbert"]
[Result "1/2-1/2"]
[WhiteElo "2230"]
[BlackElo "2184"]
[PlyCount "28"]
[EventDate "2015.??.??"]

1. e4 e5 2. Nf3 Nc6 3. Bb5 Nge7 4. O-O d6 5. d4 Bd7 6. d5 Nb8 7. Bxd7+ Nxd7 8.
c4 Ng6 9. Nc3 Be7 10. Be3 O-O 11. b4 Nf6 12. Ne1 Qd7 13. f3 h6 14. Nd3 Nh5
1/2-1/2

[Event "Berlin 1-Berlin 2"]
[Site "?"]
[Date "2015.09.09"]
[Round "4.1"]
[White "Welz, Peter"]
[Black "Reichenbach, Werner"]
[Result "1/2-1/2"]
[WhiteElo "2095"]
[BlackElo "2214"]
[PlyCount "62"]
[EventDate "2015.??.??"]

1. f4 d5 2. Nf3 g6 3. e3 Bg7 4. Be2 Nf6 5. O-O O-O 6. d3 c5 7. Qe1 Nc6 8. Qh4 e6
9. Kh1 Nd7 10. Nc3 Qxh4 11. Nxh4 a6 12. Nf3 b5 13. a3 Bb7 14. e4 Nb6 15. e5 f6
16. exf6 Bxf6 17. Bd2 Rae8 18. h3 Bg7 19. Rae1 h6 20. Kh2 Kh7 21. g3 Nc8 22. h4
Bf6 23. h5 gxh5 24. Nh4 Bxh4 25. gxh4 Rf5 26. Bd1 Nd6 27. Ne2 Re7 28. Ng3 Rf8
29. Bxh5 Rg8 30. c3 Bc8 31. Bf3 Bd7 1/2-1/2

[Event "Berlin 1-Berlin 2"]
[Site "?"]
[Date "2015.09.09"]
[Round "4.3"]
[White "Federau, Juergen"]
[Black "Thormann, Wolfgang"]
[Result "1/2-1/2"]
[WhiteElo "2121"]
[BlackElo "2224"]
[PlyCount "131"]
[EventDate "2015.??.??"]
[WhiteTeam "Berlin 2"]
[BlackTeam "Berlin 1"]

1. d4 d5 2. c4 e6 3. Nc3 Nf6 4. cxd5 exd5 5. Bg5 Be7 6. e3 c6 7. Qc2 O-O 8. Bd3
h6 9. Bh4 Nbd7 10. Nge2 Re8 11. O-O b6 12. Rab1 Bb7 13. b4 Bd6 14. Bg3 Qe7 15.
Bxd6 Qxd6 16. Ng3 Qf8 17. a4 a5 18. bxa5 Rxa5 19. Rfe1 Ba8 20. Rb2 g6 21. h3 Kg7
22. Nf1 Qe7 23. Nd2 Qd8 24. Reb1 Re6 25. Nb3 Ra7 26. a5 b5 27. Ne2 Ne8 28. Ra2
Nd6 29. Nc5 Nxc5 30. dxc5 Nc4 31. Qc3+ Kh7 32. a6 Qf8 33. Nf4 Re8 34. Nh5 Re6
35. Nf6+ Rxf6 36. Qxf6 Qxc5 37. Qd4 Qxd4 38. exd4 Kg7 39. Re1 Kf8 40. Kf1 Nb6
41. Bc2 Nd7 42. Bb3 Nb8 43. Rae2 Nxa6 44. Re8+ Kg7 45. R8e7 Nc7 46. Rd7 Kf6 47.
Bd1 b4 48. h4 Nb5 49. Rxa7 Nxa7 50. Be2 Nc8 51. Rb1 Bb7 52. Rxb4 Nd6 53. Rb6 Ke7
54. Bd3 Kd7 55. Ke2 Kc7 56. Rb1 Bc8 57. Ra1 Kb6 58. g3 c5 59. dxc5+ Kxc5 60.
Rc1+ Nc4 61. Bxc4 dxc4 62. Ke3 Bf5 63. Rc3 g5 64. hxg5 hxg5 65. Rc1 Bg6 66. Rc3
1/2-1/2

[Event "Niedersachsen 1-Hamburg 1"]
[Site "?"]
[Date "2015.09.09"]
[Round "4.1"]
[White "Engelbert, Christoph"]
[Black "Clemens, Christian"]
[Result "0-1"]
[WhiteElo "2206"]
[BlackElo "2211"]
[PlyCount "56"]
[EventDate "2015.??.??"]

1. e4 Nf6 2. e5 Nd5 3. d4 d6 4. c4 Nb6 5. exd6 exd6 6. Nc3 Nc6 7. Be3 Be7 8. b3
O-O 9. h3 Bg5 10. Nf3 Bxe3 11. fxe3 a5 12. Bd3 Re8 13. Kf2 a4 14. Nxa4 Nxa4 15.
bxa4 f5 16. Rb1 Qf6 17. h4 b6 18. Qc2 Bd7 19. c5 f4 20. exf4 Qxf4 21. Rhe1 d5
22. cxb6 cxb6 23. Bb5 Nxd4 24. Qd3 Nxf3 25. Qxd5+ Kh8 26. Qxf3 Qxh4+ 27. Kf1
Bxb5+ 28. axb5 Rf8 0-1

[Event "Niedersachsen 1-Hamburg 1"]
[Site "?"]
[Date "2015.09.09"]
[Round "4.2"]
[White "Ljubarskij, Juri"]
[Black "Schellhorn, Wolfgang"]
[Result "1-0"]
[WhiteElo "2226"]
[BlackElo "2153"]
[PlyCount "71"]
[EventDate "2015.??.??"]

1. e4 c5 2. Nf3 d6 3. d4 cxd4 4. Nxd4 Nf6 5. Nc3 a6 6. Be2 e5 7. Nb3 Be7 8. O-O
O-O 9. Bg5 Nbd7 10. Qd2 b5 11. f3 Bb7 12. Be3 Qc7 13. a3 Rac8 14. Rfc1 Rfd8 15.
Bg5 d5 16. exd5 Nb6 17. Bxf6 Bxf6 18. Bd3 Nc4 19. Qe2 Nxb2 20. Ne4 Be7 21. d6
Bxd6 22. Nxd6 Qxd6 23. Bf5 Rc3 24. Rab1 Na4 25. Rd1 Qb6+ 26. Kh1 g6 27. Rxd8+
Qxd8 28. Rd1 Qb6 29. Qxe5 Rxf3 30. Nd4 Rf2 31. Qe8+ Kg7 32. Qe5+ Qf6 33. Ne6+
fxe6 34. Rd7+ Kh6 35. Qe3+ g5 36. Rxh7# 1-0

[Event "Niedersachsen 1-Hamburg 1"]
[Site "?"]
[Date "2015.09.09"]
[Round "4.3"]
[White "Horn, Peter"]
[Black "Adibekian, Roubik"]
[Result "1-0"]
[WhiteElo "2110"]
[BlackElo "2210"]
[PlyCount "116"]
[EventDate "2015.??.??"]

1. c4 e5 2. Nc3 f5 3. d4 e4 4. Nh3 Nf6 5. e3 Be7 6. Be2 O-O 7. Nf4 c6 8. h4 d6
9. d5 c5 10. b3 Na6 11. Bb2 Nc7 12. Qc2 Bd7 13. h5 Nfe8 14. O-O-O Bf6 15. Rdg1
Rb8 16. g4 Qe7 17. gxf5 Bxf5 18. Bg4 Bxg4 19. Rxg4 Bxc3 20. Bxc3 Nf6 21. Rg2 Kf7
22. Rhg1 Rg8 23. Nh3 Rbf8 24. Ng5+ Ke8 25. Bxf6 gxf6 26. Nxe4 Rxg2 27. Rxg2 f5
28. Ng3 f4 29. exf4 Kd8 30. f5 Qe5 31. Kd1 Re8 32. Ne2 b5 33. Rg3 Qa1+ 34. Kd2
Qf1 35. Re3 Qxf2 36. Rxe8+ Nxe8 37. cxb5 Qf3 38. Nc3 Nf6 39. Qd3 Qxh5 40. Qg3
Qh6+ 41. Kc2 Kc7 42. b6+ axb6 43. Nb5+ Kb7 44. Qxd6 Qg7 45. Qc6+ Kb8 46. Qxb6+
Kc8 47. Qxc5+ Kd8 48. Qb6+ Ke7 49. d6+ Kf8 50. Qd8+ Ne8 51. Nc7 Qg2+ 52. Kd3
Qf3+ 53. Kd4 Qf4+ 54. Kc5 Qxf5+ 55. Kb6 Qf2+ 56. Kb7 Qf3+ 57. Kb8 Qc6 58. Qe7+
Kg8 1-0

[Event "Niedersachsen 1-Hamburg 1"]
[Site "?"]
[Date "2015.09.09"]
[Round "4.4"]
[White "Jolowicz, Matias"]
[Black "Maahs, Erich"]
[Result "0-1"]
[WhiteElo "2159"]
[BlackElo "2081"]
[PlyCount "70"]
[EventDate "2015.??.??"]

1. c4 Nf6 2. g3 e6 3. Bg2 d5 4. Nf3 Be7 5. O-O O-O 6. b3 Ne4 7. d4 c5 8. Bb2 Bf6
9. Nbd2 Nxd2 10. Qxd2 dxc4 11. bxc4 cxd4 12. Bxd4 Nc6 13. Bxf6 Qxf6 14. Rab1 e5
15. Ng5 Rb8 16. Ne4 Qe7 17. Nd6 Be6 18. Bxc6 bxc6 19. c5 Qc7 20. a3 h6 21. Rb4
Qa5 22. Rfb1 Rxb4 23. axb4 Qa3 24. Qc1 Qxc1+ 25. Rxc1 Rb8 26. b5 cxb5 27. c6 Rb6
28. Nb7 b4 29. Na5 b3 30. Nxb3 Rxb3 31. c7 Bc8 32. Rd1 Kh7 33. Rd8 Rb1+ 34. Kg2
Bb7+ 35. f3 Rc1 0-1

[Event "Schleswig-Holstein 1-Niedersachsen 2"]
[Site "?"]
[Date "2015.09.09"]
[Round "4.1"]
[White "Jentsch, Dieter"]
[Black "Salov, Sergej"]
[Result "1/2-1/2"]
[WhiteElo "2172"]
[BlackElo "2251"]
[PlyCount "31"]
[EventDate "2015.??.??"]
[WhiteTeam "Niedersachsen 2"]
[BlackTeam "Schleswig-Holstein 1"]

1. e4 c5 2. Nf3 e6 3. c3 Nf6 4. e5 Nd5 5. d4 cxd4 6. cxd4 d6 7. a3 Nd7 8. Bd3
dxe5 9. dxe5 Nc5 10. Bc2 a5 11. O-O Bd7 12. Re1 Rc8 13. Bd2 Be7 14. Nc3 O-O 15.
Nxd5 exd5 16. Nd4 1/2-1/2

[Event "Schleswig-Holstein 1-Niedersachsen 2"]
[Site "?"]
[Date "2015.09.09"]
[Round "4.2"]
[White "Gruzmann, Boris"]
[Black "Pape, Manfred"]
[Result "1/2-1/2"]
[WhiteElo "2259"]
[BlackElo "2115"]
[PlyCount "69"]
[EventDate "2015.??.??"]
[WhiteTeam "Schleswig-Holstein 1"]
[BlackTeam "Niedersachsen 2"]

1. e4 c5 2. Nf3 Nc6 3. d4 cxd4 4. Nxd4 Nf6 5. Nc3 d6 6. Bg5 e6 7. Qd2 Be7 8.
O-O-O a6 9. f4 Bd7 10. Nf3 Qc7 11. e5 dxe5 12. fxe5 Ng8 13. Ne4 f6 14. Bh4 Rc8
15. Nd6+ Bxd6 16. exd6 Qa5 17. Qxa5 Nxa5 18. b3 Nh6 19. Kb2 O-O 20. Bf2 Rc6 21.
Be1 Rc5 22. b4 Nc4+ 23. Kb3 Rd5 24. Rxd5 exd5 25. Bxc4 dxc4+ 26. Kxc4 Nf5 27.
Bg3 Rc8+ 28. Kb3 Be6+ 29. Kb2 Rd8 30. Rd1 Kf7 31. a4 g5 32. Rd3 h5 33. Nd2 h4
34. Bf2 Rxd6 35. Rxd6 1/2-1/2

[Event "Schleswig-Holstein 1-Niedersachsen 2"]
[Site "?"]
[Date "2015.09.09"]
[Round "4.3"]
[White "Kaiser, Gerhard"]
[Black "Neumann, Joachim"]
[Result "1/2-1/2"]
[WhiteElo "2152"]
[BlackElo "2112"]
[PlyCount "81"]
[EventDate "2015.??.??"]
[WhiteTeam "Niedersachsen 2"]
[BlackTeam "Schleswig-Holstein 1"]

1. e4 c5 2. Nf3 Nc6 3. d4 cxd4 4. Nxd4 Nf6 5. Nc3 e5 6. Ndb5 d6 7. Nd5 Nxd5 8.
exd5 Nb8 9. Qf3 a6 10. Qa3 Be7 11. Bg5 f6 12. Be3 O-O 13. c4 b6 14. Be2 Bb7 15.
Nc3 Nd7 16. O-O Qc7 17. Rac1 f5 18. f3 h6 19. Na4 Nc5 20. Nxb6 Qxb6 21. b4 Qc7
22. bxc5 dxc5 23. Rb1 Rfb8 24. Rb3 Bc8 25. Rfb1 Rb4 26. Bd2 Rxb3 27. Qxb3 Ra7
28. Qb6 Qxb6 29. Rxb6 Rb7 30. Rc6 Bd7 31. Rxa6 Rb2 32. Ra7 Rxd2 33. Rxd7 Bf6 34.
Kf1 Rxa2 35. Rc7 e4 36. fxe4 Bd4 37. Bf3 fxe4 38. Bxe4 Rf2+ 39. Ke1 Rf8 40. d6
Re8 41. Re7 1/2-1/2

[Event "Schleswig-Holstein 1-Niedersachsen 2"]
[Site "?"]
[Date "2015.09.09"]
[Round "4.4"]
[White "Dittmann, Hans-Adolf"]
[Black "Schneider, Alexander"]
[Result "1/2-1/2"]
[WhiteElo "2141"]
[BlackElo "1989"]
[PlyCount "98"]
[EventDate "2015.??.??"]
[WhiteTeam "Schleswig-Holstein 1"]
[BlackTeam "Niedersachsen 2"]

1. Nf3 Nf6 2. c4 e6 3. g3 d5 4. Bg2 Be7 5. O-O O-O 6. b3 c5 7. cxd5 exd5 8. d4
Nc6 9. Bb2 Ne4 10. dxc5 Bxc5 11. Nc3 Nxc3 12. Bxc3 Be6 13. Qc2 Qe7 14. Qb2 Ba3
15. Qd2 Bb4 16. Rfd1 Rac8 17. Rac1 h6 18. Nd4 Bxc3 19. Rxc3 Nxd4 20. Qxd4 Rxc3
21. Qxc3 b6 22. Qe5 Qa3 23. Bxd5 Bxd5 24. Qxd5 Qxa2 25. e4 Re8 26. Rd3 Qa1+ 27.
Kg2 Qf6 28. b4 Qe7 29. Rd4 Rc8 30. e5 g6 31. Qd7 Qxd7 32. Rxd7 Rc4 33. Rxa7 Rxb4
34. Rb7 b5 35. h4 Rb2 36. h5 g5 37. Kf3 b4 38. Ke3 b3 39. Kf3 Kf8 40. Rb6 Kg7
41. Ke3 Rb1 42. Ke4 Re1+ 43. Kf5 Re2 44. f4 gxf4 45. gxf4 b2 46. Rb7 Rh2 47. Kg4
Rg2+ 48. Kf3 Rh2 49. Kg3 Re2 1/2-1/2

[Event "Brandenburg 1-Bremen"]
[Site "?"]
[Date "2015.09.09"]
[Round "4.1"]
[White "Buchal, Stephan"]
[Black "Schulz, Michael"]
[Result "1-0"]
[WhiteElo "2297"]
[BlackElo "2214"]
[PlyCount "81"]
[EventDate "2015.??.??"]
[WhiteTeam "Bremen"]
[BlackTeam "Brandenburg 1"]

1. e4 e6 2. d3 d5 3. Qe2 Be7 4. Nf3 Nf6 5. g3 c5 6. Bg2 Nc6 7. O-O O-O 8. e5 Nd7
9. c4 Nb6 10. Bf4 h6 11. h4 Rb8 12. Re1 Nd4 13. Nxd4 cxd4 14. Nd2 dxc4 15. dxc4
Bb4 16. Red1 d3 17. Qg4 Bxd2 18. Rxd2 h5 19. Qxh5 Nxc4 20. Be4 g6 21. Bxg6 fxg6
22. Qxg6+ Kh8 23. Qh6+ Kg8 24. Qg6+ Kh8 25. Bg5 Qc7 26. Bf6+ Rxf6 27. Qxf6+ Qg7
28. Qd8+ Qg8 29. Rxd3 Nxe5 30. Qf6+ Qg7 31. Rd8+ Kh7 32. Qf4 Nc6 33. Qe4+ Kh6
34. Qf4+ Kh7 35. Rc1 e5 36. Qe4+ Kh6 37. Rd6+ Kh5 38. Rc5 Bd7 39. Rdxc6 bxc6 40.
Rxe5+ Kh6 41. Qf4+ 1-0

[Event "Brandenburg 1-Bremen"]
[Site "?"]
[Date "2015.09.09"]
[Round "4.2"]
[White "Walter, Guenter"]
[Black "Rust-Lux, Klaus"]
[Result "1/2-1/2"]
[WhiteElo "2203"]
[BlackElo "2106"]
[PlyCount "57"]
[EventDate "2015.??.??"]
[WhiteTeam "Brandenburg 1"]
[BlackTeam "Bremen"]

1. e4 c5 2. Nf3 e6 3. Nc3 a6 4. d4 cxd4 5. Nxd4 d6 6. Bd3 Nc6 7. Be3 Nf6 8. h3
Bd7 9. Qe2 Rc8 10. f4 Qa5 11. Nb3 Qc7 12. a4 Nb4 13. O-O Be7 14. a5 Nxd3 15.
cxd3 O-O 16. Bb6 Qb8 17. e5 Nd5 18. Nxd5 exd5 19. Nd4 dxe5 20. fxe5 Bb4 21. Rf3
Rfe8 22. Re3 Be6 23. Rf1 Bc5 24. Bxc5 Rxc5 25. b4 Rcc8 26. Qb2 b6 27. Ra1 bxa5
28. Rxa5 Qb6 29. Re1 1/2-1/2

[Event "Brandenburg 1-Bremen"]
[Site "?"]
[Date "2015.09.09"]
[Round "4.3"]
[White "Gerhardt, Peter-Michael"]
[Black "Grottke, Hans-Joachim"]
[Result "0-1"]
[WhiteElo "1969"]
[BlackElo "2193"]
[PlyCount "126"]
[EventDate "2015.??.??"]
[WhiteTeam "Bremen"]
[BlackTeam "Brandenburg 1"]

1. Nf3 d5 2. g3 Nf6 3. Bg2 Nc6 4. O-O e5 5. d3 Be7 6. c3 a5 7. Qc2 O-O 8. Nbd2
b6 9. a3 Bb7 10. b3 Re8 11. Bb2 e4 12. dxe4 dxe4 13. Nd4 Nxd4 14. cxd4 Bd6 15.
e3 Qe7 16. Rfc1 Bd5 17. Nc4 Qe6 18. Bf1 Rec8 19. Qd1 Bf8 20. Nd2 c6 21. Rc3 b5
22. Rcc1 h5 23. h4 Rcb8 24. Be2 g6 25. Qc2 Be7 26. Bc3 Ng4 27. Bxg4 Qxg4 28. Qd1
Qe6 29. b4 a4 30. Qe2 Bd6 31. Kg2 Re8 32. Rh1 Kg7 33. Rag1 Rh8 34. Kf1 Qg4 35.
Ke1 Rag8 36. Bb2 f6 37. Nb1 Bc4 38. Qd1 Kf7 39. Nd2 Bd5 40. Nf1 Qxd1+ 41. Kxd1
Be6 42. Nd2 Bg4+ 43. Kc2 Ke6 44. Bc3 Kd5 45. Rc1 g5 46. Rcg1 Be7 47. Kb2 gxh4
48. gxh4 Bf3 49. Nxf3 exf3 50. e4+ Ke6 51. Rg3 Rxg3 52. fxg3 Rg8 53. Be1 Rg4 54.
d5+ cxd5 55. exd5+ Kxd5 56. Bf2 Re4 57. Rd1+ Ke5 58. Kc3 Re2 59. Bd4+ Kf5 60.
Ba7 Kg4 61. Bb8 f2 62. Rd4+ Kh3 63. Rf4 Kg2 0-1

[Event "Brandenburg 1-Bremen"]
[Site "?"]
[Date "2015.09.09"]
[Round "4.4"]
[White "Walkewitz, Hubert"]
[Black "Meyer, Irmin"]
[Result "1/2-1/2"]
[WhiteElo "2140"]
[BlackElo "1991"]
[PlyCount "56"]
[EventDate "2015.??.??"]
[WhiteTeam "Brandenburg 1"]
[BlackTeam "Bremen"]

1. d4 Nf6 2. Nf3 g6 3. Nc3 Bg7 4. e4 d6 5. Bf4 O-O 6. h3 Nbd7 7. e5 Ne8 8. Bc4
Nb6 9. Bb3 d5 10. Qd2 c6 11. Bh6 Nc7 12. Qf4 Ne6 13. Qh4 a5 14. a4 f6 15. Bxg7
Kxg7 16. O-O-O Qe8 17. exf6+ exf6 18. Rhe1 Qf7 19. Qg3 Bd7 20. Nh4 Kh8 21. f4
Ng7 22. Ne4 Nc8 23. Qf2 Nf5 24. g4 Nfd6 25. Ng3 Nb6 26. f5 g5 27. Nf3 Rfe8 28.
Qd2 Nbc4 1/2-1/2

[Event "Wuerttemberg 1-Brandenburg 2"]
[Site "?"]
[Date "2015.09.09"]
[Round "4.2"]
[White "Fritsch, Rolf"]
[Black "Urban, Hans-Rainer"]
[Result "1/2-1/2"]
[WhiteElo "2219"]
[BlackElo "2076"]
[PlyCount "35"]
[EventDate "2015.??.??"]

1. d4 g6 2. e4 Bg7 3. Nc3 d6 4. Be3 c6 5. a4 Nd7 6. f4 Ngf6 7. e5 Nd5 8. Nxd5
cxd5 9. a5 Qc7 10. Ne2 a6 11. Nc3 e6 12. Bd3 dxe5 13. fxe5 Nxe5 14. O-O Nxd3 15.
Qxd3 Bd7 16. Bf4 Qc4 17. Qxc4 dxc4 18. Rad1 1/2-1/2

[Event "Wuerttemberg 1-Brandenburg 2"]
[Site "?"]
[Date "2015.09.09"]
[Round "4.3"]
[White "Nuenchert, Eveline"]
[Black "Seyfried, Claus"]
[Result "1/2-1/2"]
[WhiteElo "2054"]
[BlackElo "2159"]
[PlyCount "35"]
[EventDate "2015.??.??"]

1. e4 e6 2. d3 d5 3. Nd2 c5 4. Ngf3 Nc6 5. g3 Bd6 6. Bg2 Nge7 7. O-O O-O 8. Re1
Qc7 9. c3 Bd7 10. Qe2 f6 11. Nf1 b5 12. N3d2 Rae8 13. f4 Qb6 14. Kh1 Kh8 15. Nf3
c4 16. Be3 cxd3 17. Qxd3 Bc5 18. Bxc5 1/2-1/2

[Event "Rheinland-Pfalz 1-Hessen 2"]
[Site "?"]
[Date "2015.09.09"]
[Round "4.1"]
[White "Kaulfuss, Helmut"]
[Black "Giesen, Dieter"]
[Result "1/2-1/2"]
[WhiteElo "2115"]
[BlackElo "2201"]
[PlyCount "27"]
[EventDate "2015.??.??"]

1. e4 e5 2. Nf3 Nf6 3. Nc3 Nc6 4. Bc4 Nxe4 5. Nxe4 d5 6. Bd3 dxe4 7. Bxe4 Bd6 8.
h3 O-O 9. O-O Be6 10. Re1 Qf6 11. d4 Nxd4 12. Bxb7 Rab8 13. Be4 h6 14. c3
1/2-1/2

[Event "Rheinland-Pfalz 1-Hessen 2"]
[Site "?"]
[Date "2015.09.09"]
[Round "4.2"]
[White "Schumacher, Gottfried"]
[Black "Haase, Wolfgang"]
[Result "1-0"]
[WhiteElo "2218"]
[BlackElo "2133"]
[PlyCount "69"]
[EventDate "2015.??.??"]

1. c4 e5 2. Nc3 Nf6 3. Nf3 Nc6 4. g3 Bb4 5. Bg2 O-O 6. O-O Bxc3 7. bxc3 d6 8.
Rb1 Rb8 9. d3 Bg4 10. h3 Bd7 11. Kh2 Re8 12. e4 Ne7 13. c5 Ng6 14. cxd6 cxd6 15.
Qb3 Bc6 16. Ng5 Qd7 17. f4 d5 18. fxe5 Nxe5 19. d4 Nd3 20. e5 Nxc1 21. Rbxc1 h6
22. Nxf7 Qxf7 23. exf6 g6 24. Rf2 Re3 25. Qb4 Rbe8 26. Qd6 R3e6 27. Qf4 Kh7 28.
c4 Re4 29. Qd2 dxc4 30. Bxe4 Bxe4 31. Re1 Re6 32. d5 Re8 33. Qd4 Bf5 34. Rxe8
Qxe8 35. g4 1-0

[Event "Rheinland-Pfalz 1-Hessen 2"]
[Site "?"]
[Date "2015.09.09"]
[Round "4.3"]
[White "Benninger, Rudolf"]
[Black "Villing, Dieter"]
[Result "1-0"]
[WhiteElo "2097"]
[BlackElo "2103"]
[PlyCount "89"]
[EventDate "2015.??.??"]

1. e4 d6 2. d4 Nf6 3. Nc3 c6 4. f4 Qa5 5. Bd3 e5 6. Nf3 Bg4 7. Be3 Nbd7 8. O-O
Be7 9. h3 Bh5 10. a3 O-O 11. b4 Qc7 12. dxe5 dxe5 13. f5 Bxf3 14. Qxf3 b5 15. g4
Kh8 16. g5 Ng8 17. h4 a5 18. Rab1 axb4 19. axb4 Ra3 20. Bd2 Rd8 21. Qh5 Nf8 22.
Kg2 Rd7 23. Rf3 Qb7 24. Nd1 Bd8 25. Ne3 Bb6 26. Qg4 Qa7 27. Qg3 Ra1 28. Rbf1
Rxf1 29. Rxf1 Qc7 30. f6 Bxe3 31. Bxe3 Ne6 32. Rf5 Nd4 33. fxg7+ Kxg7 34. Rxe5
Ne6 35. Be2 Ne7 36. h5 Qd8 37. Bg4 Qg8 38. Bxe6 fxe6 39. Qg4 Qf7 40. Rxe6 c5 41.
bxc5 Rc7 42. Bd4+ Kg8 43. Rd6 Nc6 44. g6 hxg6 45. Rxg6+ 1-0

[Event "Rheinland-Pfalz 1-Hessen 2"]
[Site "?"]
[Date "2015.09.09"]
[Round "4.4"]
[White "Kelchner, Hans"]
[Black "Kopp, Peter"]
[Result "1-0"]
[WhiteElo "2161"]
[BlackElo "2042"]
[PlyCount "83"]
[EventDate "2015.??.??"]

1. c4 Nf6 2. g3 g6 3. Bg2 Bg7 4. Nc3 d6 5. d4 O-O 6. e4 Nbd7 7. Nge2 e5 8. O-O
c6 9. h3 Re8 10. Be3 exd4 11. Nxd4 Nc5 12. Qc2 a5 13. Nb3 Nfd7 14. Rad1 Qe7 15.
Rfe1 Nb6 16. Nxc5 dxc5 17. b3 Be6 18. f4 Rad8 19. e5 Bf5 20. Qf2 Bf8 21. g4 Bc8
22. Ne4 Rxd1 23. Rxd1 Nd7 24. Nd6 Rd8 25. Qd2 Nb8 26. Nf5 Rxd2 27. Nxe7+ Bxe7
28. Rxd2 Na6 29. Bf2 f6 30. Bh4 Kf7 31. exf6 Bxf6 32. Bxf6 Kxf6 33. Kf2 Ke7 34.
Be4 Be6 35. Kg3 Bf7 36. f5 Nc7 37. Kf4 Ne8 38. Re2 Kf8 39. g5 Ng7 40. Ke5 Ke8
41. fxg6 hxg6 42. Bxg6 1-0

[Event "Sachsen 1-Mecklenburg-Vorpommern 1"]
[Site "?"]
[Date "2015.09.09"]
[Round "4.1"]
[White "Ackermann, Hans Werner"]
[Black "Weidlich, Guenter"]
[Result "1-0"]
[WhiteElo "2333"]
[BlackElo "2199"]
[PlyCount "93"]
[EventDate "2015.??.??"]
[WhiteTeam "Mecklenburg-Vorpommern 1"]
[BlackTeam "Sachsen 1"]

1. Nf3 d5 2. b3 c6 3. Bb2 Nf6 4. g3 Bf5 5. Bg2 h6 6. d3 e6 7. Nbd2 Be7 8. c4
Nbd7 9. O-O O-O 10. a3 a5 11. Rc1 Bc5 12. cxd5 cxd5 13. Nd4 Bh7 14. Nb5 Qb6 15.
a4 Rfc8 16. Nb1 Ng4 17. d4 Bb4 18. N1c3 Ngf6 19. Kh1 Ne4 20. Nxe4 Rxc1 21. Qxc1
Bxe4 22. f3 Bg6 23. e4 Nf6 24. Qe3 Rc8 25. Rc1 Rc6 26. e5 Nd7 27. Bf1 Rxc1 28.
Bxc1 Qc6 29. Ba3 Qc2 30. Bxb4 axb4 31. Kg1 Nb8 32. h4 h5 33. Nd6 b6 34. Bb5 Qd1+
35. Kf2 Nc6 36. Bxc6 Qc2+ 37. Qe2 Qxc6 38. Qd2 Qc3 39. Qxc3 bxc3 40. Ke3 Bc2 41.
Nc8 Bxb3 42. Nxb6 Bd1 43. a5 c2 44. Kd2 c1=Q+ 45. Kxc1 Be2 46. Kd2 Ba6 47. Na4
1-0

[Event "Sachsen 1-Mecklenburg-Vorpommern 1"]
[Site "?"]
[Date "2015.09.09"]
[Round "4.2"]
[White "Boehm, Erwin"]
[Black "Jeske, Eckhard"]
[Result "0-1"]
[WhiteElo "2172"]
[BlackElo "2144"]
[PlyCount "66"]
[EventDate "2015.??.??"]
[WhiteTeam "Sachsen 1"]
[BlackTeam "Mecklenburg-Vorpommern 1"]

1. g3 d5 2. Bg2 g6 3. d3 Bg7 4. Nf3 e5 5. O-O Ne7 6. c4 O-O 7. cxd5 Nxd5 8. Qb3
Nb6 9. Bg5 Qe8 10. Nc3 Be6 11. Qc2 Na6 12. a3 h6 13. Be3 f5 14. Rad1 Qf7 15. Nd2
c6 16. f4 exf4 17. Bxf4 Rad8 18. Be3 Rfe8 19. Bf2 Rd7 20. Rde1 Red8 21. b4 Qf6
22. Rc1 Nc7 23. Nb3 Qxc3 24. Qxc3 Bxc3 25. Nc5 Bd4 26. Nxb7 Bxf2+ 27. Kxf2 Rf8
28. Bxc6 Re7 29. a4 Nbd5 30. b5 f4 31. Rfe1 Bh3 32. gxf4 Rxf4+ 33. Kg3 Re3# 0-1

[Event "Sachsen 1-Mecklenburg-Vorpommern 1"]
[Site "?"]
[Date "2015.09.09"]
[Round "4.3"]
[White "Pruesse, Horst"]
[Black "Knaak, Joachim"]
[Result "0-1"]
[WhiteElo "2037"]
[BlackElo "2105"]
[PlyCount "80"]
[EventDate "2015.??.??"]
[WhiteTeam "Mecklenburg-Vorpommern 1"]
[BlackTeam "Sachsen 1"]

1. e4 c5 2. Nc3 g6 3. f4 Bg7 4. Nf3 d6 5. Bb5+ Bd7 6. Bxd7+ Qxd7 7. O-O Nf6 8.
Qe1 O-O 9. d3 Nc6 10. h3 a6 11. Qh4 Nd4 12. Nxd4 cxd4 13. Ne2 Rac8 14. Nxd4 Nxe4
15. Be3 Nf6 16. c3 e6 17. Nf3 Qb5 18. Bd4 Ne8 19. Bxg7 Nxg7 20. Ng5 h5 21. g4
Qxd3 22. Rf3 Qd5 23. Qe1 b5 24. b3 Qc5+ 25. Kh2 d5 26. Re3 Qd6 27. Qg3 b4 28.
Rd3 bxc3 29. Ne4 Qe7 30. Nxc3 Rc7 31. Re1 Qc5 32. f5 hxg4 33. hxg4 Rfc8 34. Re2
Qb4 35. Nd1 exf5 36. Ne3 f4 37. Qh4 fxe3 38. Rexe3 Qf4+ 39. Rg3 Rc2+ 40. Kh3
Qf1+ 0-1

[Event "Sachsen 1-Mecklenburg-Vorpommern 1"]
[Site "?"]
[Date "2015.09.09"]
[Round "4.4"]
[White "Lehmann, Wolfgang"]
[Black "Kliewe, Hans-Juergen"]
[Result "1/2-1/2"]
[WhiteElo "1912"]
[BlackElo "2026"]
[PlyCount "84"]
[EventDate "2015.??.??"]
[WhiteTeam "Sachsen 1"]
[BlackTeam "Mecklenburg-Vorpommern 1"]

1. Nf3 d5 2. d4 Nf6 3. c4 c6 4. e3 Bf5 5. Nc3 e6 6. Be2 h6 7. O-O Be7 8. b3 O-O
9. Bb2 Nbd7 10. cxd5 exd5 11. Rc1 Bd6 12. Nh4 Bh7 13. g3 Re8 14. Bd3 Nf8 15.
Bxh7+ N8xh7 16. Qd3 Bf8 17. Nf3 Qd7 18. Kg2 Bd6 19. Na4 Ne4 20. Nc5 Qc8 21. Qe2
Nhg5 22. Nxg5 Nxg5 23. f4 Ne4 24. Nxe4 Rxe4 25. Qf3 Qe6 26. Rc3 Re8 27. Bc1 f5
28. h3 Kh7 29. Rc2 Rg8 30. h4 g6 31. Rh1 Rg7 32. Rf1 Kg8 33. Rh1 Qf7 34. Kf2 Re6
35. Kf1 h5 36. Kg2 Qc7 37. Rd1 Qa5 38. Qf2 Rge7 39. Qf3 Re4 40. Qe2 Qb6 41. Qd3
Re8 42. Kf3 Ra8 1/2-1/2

[Event "NRW-Rheinland-Pfalz 2"]
[Site "?"]
[Date "2015.09.09"]
[Round "4.1"]
[White "Krieger, Hermann"]
[Black "Khanukov, Boris"]
[Result "0-1"]
[WhiteElo "2206"]
[BlackElo "2334"]
[PlyCount "66"]
[EventDate "2015.??.??"]
[WhiteTeam "Sachsen 1"]
[BlackTeam "Mecklenburg-Vorpommern 1"]

1. e4 e5 2. Nf3 Nc6 3. Bc4 Bc5 4. c3 Nf6 5. d3 d6 6. O-O Qe7 7. h3 a6 8. Bb3 Be6
9. Re1 h6 10. d4 Bxb3 11. Qxb3 Bb6 12. d5 Nb8 13. Be3 Nbd7 14. Bxb6 cxb6 15.
Nbd2 O-O 16. a4 Qd8 17. Qc2 Qc7 18. g4 g6 19. Kg2 Kg7 20. Qd3 Rac8 21. Qe3 Qc5
22. Qd3 h5 23. g5 Nh7 24. Re3 f6 25. b4 Qc7 26. gxf6+ Rxf6 27. Rg1 Rcf8 28. Kh2
Rf4 29. Qf1 R8f6 30. Qg2 Ndf8 31. Qg3 Qf7 32. Rg2 Kh8 33. Kg1 Qd7 0-1